Impuestos internos. Justificación en el sistema tributario argentino (Registro nro. 15753)
[ vista simple ]
| 000 -LEADER | |
|---|---|
| fixed length control field | 00340 a2200109 4500 |
| 001 - CONTROL NUMBER | |
| control field | ART_33500 |
| 005 - DATE AND TIME OF LATEST TRANSACTION | |
| control field | 20260410161707.0 |
| 008 - FIXED-LENGTH DATA ELEMENTS--GENERAL INFORMATION | |
| fixed length control field | 260409a |
| 100 1# - MAIN ENTRY--PERSONAL NAME | |
| Personal name | Baldo, Alberto |
| 245 10 - TITLE STATEMENT | |
| Title | Impuestos internos. Justificación en el sistema tributario argentino |
| 773 0# - HOST ITEM ENTRY | |
| Title | Revista Impuestos |
| Related parts | - Nº 17 (sep. 2006) |
| Record control number | REV639 |
No hay ítems disponibles.